000 00775nam a2200265 a 4500
001 37824
003 BD-RjUL
005 20211209052648.0
008 150729s19701962enk 000 0 eng
035 _aBD-RjUL
035 _a(BD-RjUL) 37929
040 _aDLC
_cNNU
_dBD-RjUL
_beng
041 _aeng
082 _a821.9108
_bALP 1970
100 1 _aAllott, Kenneth
_9117179
245 1 4 _aThe Penguin book of contemporary verse 1918-60.
_cSelected, with an introd. and notes.
250 _a2nd ed.
260 _a[Harmondsworth, Middlesex, Eng.]
_bPenguin Books
_c[1970
300 _a413 p.
_c18 cm.
490 0 _aThe Penguin poets,
_vD12
650 0 _aEnglish poetry
_y20th century.
_9117180
942 _2ddc
_cBK
999 _c37824
_d37824